Geology of Caldwell and Winn Parishes, (Record no. 27606)
[ view plain ]
| 000 -LEADER | |
|---|---|
| fixed length control field | 00962cam a22002651 4500 |
| 001 - CONTROL NUMBER | |
| control field | gs 40000021 |
| 003 - CONTROL NUMBER IDENTIFIER | |
| control field | DLC |
| 005 - DATE AND TIME OF LATEST TRANSACTION | |
| control field | 20260227111345.0 |
| 008 - FIXED-LENGTH DATA ELEMENTS--GENERAL INFORMATION | |
| fixed length control field | 790611s1939 laua b s000 0 eng |
| 010 ## - LIBRARY OF CONGRESS CONTROL NUMBER | |
| LC control number | gs 40000021 |
| 035 ## - SYSTEM CONTROL NUMBER | |
| System control number | (OCoLC)5054076 |
| 040 ## - CATALOGING SOURCE | |
| Original cataloging agency | DLC |
| Transcribing agency | TxCM |
| Modifying agency | OCoLC |
| -- | DLC |
| 042 ## - AUTHENTICATION CODE | |
| Authentication code | premarc |
| 050 00 - LIBRARY OF CONGRESS CALL NUMBER | |
| Classification number | QE117 |
| Item number | .A22 no. 15 |
| 100 1# - MAIN ENTRY--PERSONAL NAME | |
| Personal name | Huner, J. |
| Fuller form of name | (John), |
| Dates associated with a name | 1912- |
| 245 10 - TITLE STATEMENT | |
| Title | Geology of Caldwell and Winn Parishes, |
| Statement of responsibility, etc. | by J. Huner, Jr. |
| 260 ## - PUBLICATION, DISTRIBUTION, ETC. | |
| Place of publication, distribution, etc. | New Orleans, La., |
| Name of publisher, distributor, etc. | Dept. of Conservation, Louisiana Geological Survey, |
| Date of publication, distribution, etc. | 1939. |
| 300 ## - PHYSICAL DESCRIPTION | |
| Extent | xvii, 356 p. |
| Other physical details | illus. |
| 490 1# - SERIES STATEMENT | |
| Series statement | Louisiana. Dept. of Conservation. Geological bulletin |
| Volume/sequential designation | no. 15 |
| 500 ## - GENERAL NOTE | |
| General note | At head of title: State of Louisiana. Department of Conservation. |
| 504 ## - BIBLIOGRAPHY, ETC. NOTE | |
| Bibliography, etc. note | Bibliography: p. 325-337. |
| 650 #0 - SUBJECT ADDED ENTRY--TOPICAL TERM | |
| Topical term or geographic name entry element | Geology |
| Geographic subdivision | Louisiana |
| -- | Caldwell Parish. |
| 650 #0 - SUBJECT ADDED ENTRY--TOPICAL TERM | |
| Topical term or geographic name entry element | Geology |
| Geographic subdivision | Louisiana |
| -- | Winn Parish. |
| 810 2# - SERIES ADDED ENTRY--CORPORATE NAME | |
| Corporate name or jurisdiction name as entry element | Louisiana Geological Survey. |
| Title of a work | Geological bulletin ; |
| Volume/sequential designation | no. 15. |
No items available.